Instituciones de derecho civil : (Registro nro. 29055)

Detalles MARC
000 -LEADER
fixed length control field 02590nam a2200277Ia 4500
003 - CONTROL NUMBER IDENTIFIER
control field CO-CtgCURN
005 - DATE AND TIME OF LATEST TRANSACTION
control field 20250407222108.0
008 - FIXED-LENGTH DATA ELEMENTS--GENERAL INFORMATION
fixed length control field 190723s9999 xx 000 0 und d
020 ## - INTERNATIONAL STANDARD BOOK NUMBER
International Standard Book Number 9706133399
040 ## - CATALOGING SOURCE
Original cataloging agency CO-CtgCURN
Language of cataloging spa
Transcribing agency coctgcurn
082 ## - DEWEY DECIMAL CLASSIFICATION NUMBER
Classification number 346
Item number B576
100 ## - MAIN ENTRY--PERSONAL NAME
Personal name Brugi, Biagio
9 (RLIN) 8358
Relator term autor
245 #0 - TITLE STATEMENT
Title Instituciones de derecho civil :
Remainder of title con aplicación especial a todo el derecho privado/
Statement of responsibility, etc. Brugi, Biagio; traducción., Jaime Simo Bofarull
260 ## - PUBLICATION, DISTRIBUTION, ETC.
Place of publication, distribution, etc. México :
Name of publisher, distributor, etc. Oxford,
Date of publication, distribution, etc. 2000
300 ## - PHYSICAL DESCRIPTION
Extent 451 páginas ;
Dimensions 24 centímetros
440 ## - SERIES STATEMENT/ADDED ENTRY--TITLE
Title Colección Grandes Clásicos del Derecho, Tercera Serie;
Volume/sequential designation 4
9 (RLIN) 8359
500 ## - GENERAL NOTE
General note Traducción del alemán
505 ## - FORMATTED CONTENTS NOTE
Formatted contents note Cap.1. El sujeto de la relación jurídica -- Cap.2.Objeto de la relación jurídica -- Cap.3. Hechos constitutivos o extintivos de la relación jurídica -- Cap.4. Tutela de la relación jurídica -- Cap.5. El derecho de propiedad -- Cap.6. La posesión -- Cap.7. Modos de adquisición y de extinción de la propiedad -- Cap.8. Derecho sobre cosas de otro -- Cap.9. Los elementos de la relación jurídica de obligación -- Cap.10. Fuentes o causas de las obligaciones -- Cap.11. Los contratos que tienen nombre propio en el código y están regulados en este -- Cap.12. De la cesión se los créditos -- Cap.13. Aseguramiento de las obligaciones -- Cap.14. Cumplimiento y extinción de las obligaciones -- Cap.15. La familia legitima -- Cap.16. La familia natural -- Cap.17. La familia civil -- Cap.18. Instituciones jurídicas de protección y suplencia de la familia y para interdictos e inhabilitados -- Cap.19. La sucesión testamentaria -- Cap.20. La sucesión legitima -- Cap.21. Aceptación y renuncia de la herencia -- Cap.22. Relaciones jurídicas entre coherederos -- Cap.23. Tutela de la relación jurídica de herencia.
520 ## - SUMMARY, ETC.
Summary, etc. Para este autor es importante que a los jóvenes se les administre la menor cantidad posible del veneno sutil de las teorías y en cambio familiarizarlos con las palabras mismas de la ley, interpretada sabiamente no deben acostumbrarse añade el autor a venerar el código civil, o a tenerlo por inmutable y perfecto, sino que deben conocer cuales son lagunas e imperfecciones de la ley, las mejoras posibles y a la vez aprender a darle el valor histórico que merece
521 ## - TARGET AUDIENCE NOTE
Target audience note AREA PROFESIONAL
590 ## - LOCAL NOTE (RLIN)
Local note Programa de Derecho_18
650 ## - SUBJECT ADDED ENTRY--TOPICAL TERM
Topical term or geographic name entry element Derecho civil
9 (RLIN) 8360
700 ## - ADDED ENTRY--PERSONAL NAME
Personal name Bofarull Simo, Jaime
Relator term traducción
9 (RLIN) 8362
942 ## - ADDED ENTRY ELEMENTS (KOHA)
Koha item type Libros
Classification part 346
Item part B576
Source of classification or shelving scheme Dewey Decimal Classification
Suppress in OPAC No
Existencias
Withdrawn status Lost status Damaged status Not for loan Collection Home library Current library Shelving location Date acquired Inventory number Total checkouts Full call number Barcode Date last seen Copy number Price effective from Koha item type
          Miguel Henríquez Castañeda Barranquilla Miguel Henríquez Castañeda Barranquilla General 05/23/2018 01892   346 B576 01892 07/23/2019 v.4 ej.1 07/23/2019 Libros